000 00579nam a2200205Ia 4500
005 20250508164556.0
008 008 250505s9999 xx 000 0 eng d
037 _aReference
040 _aFEDL
_beng
_cFEDL
041 _aeng
_2eng
084 _a372.126, BRA/RR
_qFEDL
100 _aBracken Bruce A Ed.
_9466966
245 0 _aPsychoeducational assessment of preschool children
250 _a2
260 _aBoston, USA
_bAllyn and Bacon
_c1991
300 _axv,573p.
546 _aMACESE
942 _cREF
_h372.126, BRA/RR
999 _c1389892
_d1389892